| 000 | 00466nam a22002057a 4500 | ||
|---|---|---|---|
| 005 | 20250207155217.0 | ||
| 008 | 220316b2000 xxu||||| |||| 00| 0 spa d | ||
| 020 | _a848055360X | ||
| 041 |
_aESP _aING |
||
| 082 | _aR 382.03 D545d | ||
| 245 | _aDiccionario de comercio exterior | ||
| 260 | _aEspaña | ||
| 260 | _bCultural | ||
| 260 | _c2000 | ||
| 300 | _a399 páginas | ||
| 650 | _aDICCIONARIOS | ||
| 650 | _aBOLSA | ||
| 650 | _aBANCA | ||
| 942 |
_cREF _2ddc |
||
| 999 |
_c13257 _d13257 |
||